00501 a2200145 450000100060000008200170000609000170002310000250004024500900006526000340015560000210018994200270021099900190023795200990025654467 a620.0042 CAL c33904d33904 aCallafiore, Giuseppe aProbabilistic and randomized methods for design under uncertaintycGiuseppe calafiroe aLondonbSpringer-verlagc2006 afabrizio dabbene aNUST-CAEk620.0042 CAL c289540d289540 001040708NFICaCAEbCAEd2017-04-03l0o620.0042 CALpCAEN-4312r2017-04-05w2017-04-05yBK